[Event "Ch France (team) 1997/98"]
[Site "masterchessopen.com France"]
[Round "0"]
[White "Giacomini Hector (FRA)"]
[Black "Flear Glenn C (ENG)"]
[Result "0-1"]
[WhiteElo "2285"]
[BlackElo "2450"]

1.d4 d5 2.Nf3 Nf6 3.c4 dxc4 4.e3 e6 5.Bxc4 a6 6.O-O c5 7.Qe2 b5 8.Bb3 Bb7
9.Rd1 Nbd7 10.Nc3 Qb6 11.d5 c4 12.dxe6 fxe6 13.Bc2 Bd6 14.h3 O-O 15.e4 Ne5
16.Nd4 Bc5 17.Be3 Rfd8 18.Nf3 Bxe3 19.Nxe5 Bd4 20.Nf3 e5 21.Rd2 Rd6 22.Rad1
Rad8 23.Bb1 g6 24.g3 Kg7 25.Nxd4 Rxd4 26.Qe3 b4 27.Nd5 Bxd5 28.Rxd4 exd4
29.Qxd4 Bxe4 30.Qxd8 Qxd8 31.Rxd8 Bxb1 32.Ra8 Be4 33.Rxa6 c3 34.bxc3 bxc3
35.Ra7+ Kh6 36.Rc7 Nd5 37.Rc5 c2 38.a3 Bd3 39.a4 Nb4 40.a5 Na2 41.a6 c1=Q+
42.Rxc1 Nxc1 {#R} 0-1

[Event "Ch Asia (w)"]
[Site "masterchessopen.com Genting Highlands (Malaysia)"]
[Round "2"]
[White "Mamedova Rena (GER)"]
[Black "Geldyeva Mekhri (TKM)"]
[Result "0-1"]
[WhiteElo "2353"]
[BlackElo "2305"]

1.d4 d5 2.c4 dxc4 3.Nf3 Nf6 4.e3 e6 5.Bxc4 c5 6.O-O a6 7.Qe2 b5 8.Bb3 Bb7
9.Rd1 Nbd7 10.Nc3 Qb8 11.e4 cxd4 12.Nxd4 Bd6 13.g3 O-O 14.f3 Bc5 15.Be3 Qa7
16.Bf2 Ne5 17.Rac1 Rfd8 18.Kg2 Bxd4 19.Rxd4 Rxd4 20.Rd1 Nc6 21.e5 Ne8 22.Be3
b4 23.Nb1 Rad8 24.Ba4 Qa8 {#R} 0-1

[Event "Bundesliga (2nd) South 1997/98"]
[Site "masterchessopen.com Germany"]
[Round "0"]
[White "Bosbach Gerhard (GER)"]
[Black "Estrada Nieto Julian (MEX)"]
[Result "1-0"]
[WhiteElo "2204"]
[BlackElo "2375"]

1.d4 d5 2.c4 dxc4 3.Nf3 Nf6 4.e3 e6 5.Bxc4 c5 6.O-O a6 7.Qe2 b5 8.Bb3 Bb7
9.Rd1 Nbd7 10.Nc3 Qb6 11.e4 cxd4 12.Nxd4 Bc5 13.Nc2 Ne5 14.Bd2 O-O 15.Be1 Rfd8
16.Kh1 h5 17.f3 Ng6 18.Bd2 Bc6 19.Bg5 Rxd1+ 20.Rxd1 a5 21.a3 Qb8 22.Qd2 b4
23.axb4 axb4 24.Ne2 Qe5 25.Ncd4 Bb7 26.Be3 h4 27.Nf4 Bxd4 28.Nxg6 fxg6 29.Bxd4
{#r} 1-0

[Event "Ch India"]
[Site "masterchessopen.com Muzaffapur (India)"]
[Round "0"]
[White "Sasikiran Krishnan (IND)"]
[Black "Sareen Vishal (IND)"]
[Result "1-0"]
[WhiteElo "2470"]
[BlackElo "2355"]

1.d4 d5 2.c4 dxc4 3.Nf3 Nf6 4.e3 e6 5.Bxc4 c5 6.O-O a6 7.Qe2 b5 8.Bb3 Bb7 9.a4
cxd4 10.exd4 Nbd7 11.axb5 axb5 12.Rxa8 Qxa8 13.Nc3 b4 14.Nb5 Bxf3 15.gxf3 Qb7
16.Bf4 Nh5 17.Bd6 g5 18.Rc1 Nf4 19.Qe4 Nh3+ 20.Kg2 Nf4+ 21.Kh1 {#r} 1-0

[Event "It (open)"]
[Site "masterchessopen.com Pardubice (Czech Republic)"]
[Round "6"]
[White "Dubinka Inna (UKR)"]
[Black "Meister Yakov (GER)"]
[Result "0-1"]
[WhiteElo "2325"]
[BlackElo "2465"]

1.d4 d5 2.c4 dxc4 3.Nf3 a6 4.e3 Nf6 5.Bxc4 e6 6.O-O c5 7.Qe2 b5 8.Bb3 Bb7 9.a4
Nbd7 10.axb5 axb5 11.Rxa8 Qxa8 12.Nc3 b4 13.Nb5 Qa5 14.e4 Be7 15.e5 Nd5 16.Bg5
Bc6 17.Bxd5 Bxb5 18.Bc4 Bxc4 19.Qxc4 Nb6 20.Qc2 c4 21.Bxe7 Kxe7 22.d5 Qxd5
23.Rd1 Qc5 24.Qe4 Nd5 25.Qh4+ Kd7 26.Qg4 g6 27.Ng5 Qc6 28.Qf3 Re8 29.Qxf7+ Re7
30.Qf8 Qa4 31.Qf3 Qb3 32.Qg4 c3 33.bxc3 bxc3 34.Qd4 Ke8 35.Ne4 c2 36.Rc1 Rc7
37.Qd2 Qb4 38.Nd6+ Kf8 39.Qh6+ Kg8 40.Qg5 Qf4 {#R} 0-1

[Event "It (open) (juniors)"]
[Site "masterchessopen.com Plzen (Czech Republic)"]
[Round "2"]
[White "Neuman Petr (CZE)"]
[Black "Soukup Jiri (CZE)"]
[Result "1-0"]
[WhiteElo "2360"]
[BlackElo "2304"]

1.d4 d5 2.c4 dxc4 3.Nf3 Nf6 4.e3 e6 5.Bxc4 c5 6.O-O a6 7.Qe2 b5 8.Bb3 Bb7
9.Nc3 Nbd7 10.Rd1 Qc7 11.e4 cxd4 12.Nxd4 Bc5 13.Be3 O-O 14.f3 Rfd8 15.Qf2 Rac8
16.a3 Kh8 17.Rac1 Ne5 18.h3 Qb6 19.Ba2 Nc6 20.Nce2 Nxd4 21.Nxd4 Qd6 22.Bb3 Qb6
23.Bc2 e5 24.Nf5 Bxe3 25.Qxe3 Qxe3+ 26.Nxe3 Rd4 27.Kf2 g6 28.g4 Rcd8 29.Ke2
Kg7 30.Rxd4 Rxd4 31.Bb3 Rd7 32.Rc5 Re7 33.a4 bxa4 34.Bxa4 Ne8 35.Nc4 Kf6
36.Bxe8 Rxe8 37.Rc7 Re7 38.Rxe7 Kxe7 39.Nxe5 Ke6 40.Nd3 Bc6 41.Ke3 Bb5 42.h4
f6 43.f4 f5 44.exf5+ gxf5 45.g5 Kf7 46.Ne5+ Ke7 47.h5 h6 48.gxh6 Kf6 49.Ng6
Bc4 50.h7 {#r} 1-0

[Event "Ch World (universities)"]
[Site "masterchessopen.com Rotterdam (Netherlands)"]
[Round "1"]
[White "Liardet Fabrice (SUI)"]
[Black "Ovetchkin Roman (RUS)"]
[Result "1-0"]
[WhiteElo "2320"]
[BlackElo "2485"]

1.d4 d5 2.c4 dxc4 3.Nf3 Nf6 4.e3 e6 5.Bxc4 c5 6.O-O a6 7.Qe2 b5 8.Bb3 Bb7 9.a4
Nbd7 10.axb5 axb5 11.Rxa8 Qxa8 12.Nc3 b4 13.Nb5 Qa5 14.Ne5 Nxe5 15.dxe5 Nd7
16.e4 Bc6 17.Bc4 Nb6 18.Nc7+ Kd7 19.Nxe6 fxe6 20.Bxe6+ Kc7 21.Qf3 c4 22.Qf7+
Kb8 23.Bf4 Qa7 24.Bd7 Bxd7 25.e6+ Kc8 26.Rd1 Bc5 27.exd7+ Nxd7 28.Qxc4 Re8
29.h3 Qa4 30.b3 Qc6 31.Rd6 Qxe4 32.Qa6+ Kd8 33.Bg5+ Kc7 34.Rd1 Re6 35.Bf4+ Kd8
36.Qb5 Qc6 37.Qb8+ Ke7 38.Qg8 Bxf2+ {#r} 1-0

[Event "It (w)"]
[Site "masterchessopen.com St. Petersburg (Russia)"]
[Round "2"]
[White "Rakitskaja Mariya (RUS)"]
[Black "Stjazhkina Olga (RUS)"]
[Result "1-0"]
[WhiteElo "2215"]
[BlackElo "2340"]

1.d4 d5 2.c4 dxc4 3.e3 a6 4.Bxc4 Nf6 5.Nf3 e6 6.O-O c5 7.Qe2 b5 8.Bb3 Bb7
9.Rd1 Nbd7 10.a4 Be7 11.Nbd2 c4 12.Bc2 Qc7 13.e4 Rc8 14.axb5 axb5 15.e5 Nd5
16.Ne4 h6 17.Nc3 b4 18.Nb5 Qb6 19.Ba4 Ba6 20.Nd6+ Bxd6 21.Bxd7+ Kxd7 22.exd6
Qxd6 23.Ne5+ Ke7 24.Qf3 Rhd8 25.Qg3 Rg8 26.Qh4+ f6 27.Ng6+ Kd7 28.Qh5 Bb7
29.Bf4 Nxf4 30.Nxf4 Ra8 31.Rxa8 Rxa8 32.Qg4 g5 33.d5 Qxf4 34.Qxe6+ Kc7 35.d6+
Kb6 36.d7+ Bc6 37.Qe7 Bxd7 38.Qxd7 Qc7 39.Rd6+ Kb7 40.Qb5+ Kc8 41.Rd1 b3
42.Re1 Qe5 43.Qxc4+ Kd7 44.Qf7+ Kd6 45.Rd1+ Kc6 46.Rc1+ Kb6 47.Qxb3+ Qb5
48.Qe3+ {#r} 1-0

[Event "It (cat.4)"]
[Site "masterchessopen.com Szeged (Hungary)"]
[Round "6"]
[White "Suvrajit Saha (IND)"]
[Black "Ganguly Surya Shekhar (IND)"]
[Result "0-1"]
[WhiteElo "2345"]
[BlackElo "2300"]

1.d4 d5 2.c4 dxc4 3.Nf3 Nf6 4.e3 e6 5.Bxc4 c5 6.O-O a6 7.Qe2 b5 8.Bb3 Bb7
9.Rd1 Nbd7 10.Nbd2 Qb6 11.e4 cxd4 12.e5 Ng4 13.Ne4 Ngxe5 14.Nxe5 Nxe5 15.Ng5
Ng6 16.Rd3 Be7 17.Nxe6 fxe6 18.Bxe6 Qc6 19.f3 Qd6 20.Bd2 Ne5 21.Bb3 Nxd3
22.Qxd3 Bd5 23.Bb4 Qxb4 24.Bxd5 Rd8 25.Qf5 Bf6 26.a3 Qd6 27.Re1+ Kf8 28.Bb3 g6
29.Qh3 Kg7 30.Re6 Qf4 {#R} 0-1

[Event "Memorial M.Czerniak (cat.9)"]
[Site "masterchessopen.com Tel Aviv (Israel)"]
[Round "3"]
[White "Manor Ilan (ISR)"]
[Black "Skripchenko Almira (FRA)"]
[Result "0-1"]
[WhiteElo "2515"]
[BlackElo "2420"]

1.d4 d5 2.c4 dxc4 3.Nf3 a6 4.e3 e6 5.Bxc4 Nf6 6.O-O c5 7.Qe2 b5 8.Bb3 Bb7
9.Rd1 Nbd7 10.Nc3 Qb8 11.d5 Nxd5 12.Nxd5 Bxd5 13.Bxd5 exd5 14.Rxd5 Qb7 15.e4
Nb6 16.Rg5 f6 17.Rf5 Be7 18.e5 O-O 19.e6 Rfe8 20.Bd2 Bf8 21.Re1 Rad8 22.Rf4
Nc4 23.Bc3 Rd6 24.b3 Rdxe6 25.Qxe6+ Rxe6 26.Rxe6 Nd6 27.h4 Qd5 28.Re1 Qd3
29.Ba1 h5 30.b4 Nf5 31.bxc5 Bxc5 32.Rfe4 Kh7 33.R4e2 Bb4 {#R} 0-1

[Event "It (open)"]
[Site "masterchessopen.com Cannes (France)"]
[Round "1"]
[White "Chatalbashev Boris (BUL)"]
[Black "Bonnet Edouard (FRA)"]
[Result "1-0"]
[WhiteElo "2524"]
[BlackElo "2147"]

1.d4 d5 2.c4 dxc4 3.Nf3 Nf6 4.e3 e6 5.Bxc4 c5 6.O-O a6 7.Qe2 b5 8.Bb3 Bb7 9.a4
b4 10.Nbd2 Nbd7 11.Nc4 Be7 12.a5 O-O 13.Rd1 Qc7 14.Bd2 Bd5 15.Rac1 Qb7 16.Be1
Ne4 17.Nfe5 cxd4 18.Nxd7 Qxd7 19.Nb6 Qb7 20.Bxd5 exd5 21.Nxa8 Rxa8 22.Rxd4 b3
23.f3 Nf6 24.Qd3 Bd6 25.Bg3 Bxg3 26.hxg3 Re8 27.Kf2 {#r} 1-0

[Event "Ch City"]
[Site "masterchessopen.com Copenhagen (Denmark)"]
[Round "7"]
[White "Holm Sejer (DEN)"]
[Black "Sorensen Torben (MLT)"]
[Result "0-1"]
[WhiteElo "2335"]
[BlackElo "2348"]

1.d4 d5 2.c4 dxc4 3.e3 Nf6 4.Bxc4 e6 5.Nf3 c5 6.O-O a6 7.Qe2 b5 8.Bb3 Bb7 9.a4
b4 10.Rd1 Nbd7 11.Nbd2 Be7 12.e4 cxd4 13.e5 Nd5 14.Nxd4 Nf4 15.Qg4 g5 16.Nc4
h5 17.Qg3 h4 18.Qg4 Bd5 19.Bxf4 gxf4 20.Qg7 Rh5 21.Nxe6 Bxe6 22.Nd6+ Bxd6
23.Bxe6 Nxe5 24.Bd5 Ra7 25.Re1 Qg5 26.Qxg5 Rxg5 27.Re4 Ke7 28.Rxf4 Rg4 29.Rf5
Rd4 30.Bb3 Nc4 31.Re1+ Kf8 32.Rc1 Rc7 33.g3 Ke8 34.Re1+ Re7 35.Rc1 Nd2 36.Bd5
Be5 37.Bc6+ Kd8 38.Rh5 Rc7 39.Rh6 Rd6 40.Rxd6+ Bxd6 41.gxh4 Nb3 42.Rc4 {#R}
0-1

[Event "It (open)"]
[Site "masterchessopen.com Dresden (Germany)"]
[Round "0"]
[White "Seifert Volker (GER)"]
[Black "Bannink Bernard (NED)"]
[Result "0-1"]
[WhiteElo "2099"]
[BlackElo "2215"]

1.d4 d5 2.c4 dxc4 3.e3 Nf6 4.Bxc4 e6 5.Nf3 c5 6.O-O a6 7.Qe2 b5 8.Bb3 Bb7
9.Rd1 Nbd7 10.Nc3 Qb6 11.d5 exd5 12.Nxd5 Nxd5 13.Bxd5 Bxd5 14.Rxd5 Be7 15.e4
Nf6 16.Bg5 Nxd5 17.exd5 Ra7 18.Nh4 Kf8 19.Re1 Qd6 20.f4 Bxg5 21.fxg5 Re7
22.Qf2 Rxe1+ 23.Qxe1 Qxd5 24.Nf3 b4 25.Qg3 g6 26.Qf4 Qf5 27.Qd6+ Kg7 28.Qxa6
Qb1+ 29.Kf2 Qxb2+ {#R} 0-1

[Event "Ch Norway"]
[Site "masterchessopen.com Gausdal (Norway)"]
[Round "8"]
[White "Tjomsland Stig (NOR)"]
[Black "Moen Andreas (NOR)"]
[Result "1-0"]
[WhiteElo "2276"]
[BlackElo "2235"]

1.d4 d5 2.c4 dxc4 3.Nf3 Nf6 4.e3 c5 5.Bxc4 e6 6.O-O a6 7.Qe2 b5 8.Bb3 Bb7
9.Rd1 Nbd7 10.a4 Be7 11.Ne5 c4 12.Bc2 Nxe5 13.dxe5 Nd7 14.Nc3 Qb6 15.axb5 axb5
16.Rxa8+ Bxa8 17.Qg4 g6 18.Qf4 O-O 19.h4 Nc5 20.h5 Rd8 21.Rxd8+ Qxd8 22.Nxb5
Qd5 23.e4 Qc6 24.hxg6 hxg6 25.Nd6 Bxd6 26.exd6 Nd7 27.Qg5 e5 28.Be3 Bb7 29.Qe7
Qc8 30.b3 c3 31.b4 Bc6 32.Bh6 Kh7 33.Qh4 Qe8 34.Bb3 {#r} 1-0

[Event "It"]
[Site "masterchessopen.com Leverkusen (Germany)"]
[Round "4"]
[White "Reinemer Frank (GER)"]
[Black "Balduan Markus (GER)"]
[Result "0-1"]
[WhiteElo "2186"]
[BlackElo "2355"]

1.d4 d5 2.c4 dxc4 3.e3 Nf6 4.Bxc4 e6 5.Nf3 c5 6.O-O a6 7.Qe2 b5 8.Bb3 Bb7
9.Rd1 Nbd7 10.a4 Qb6 11.axb5 axb5 12.Rxa8+ Bxa8 13.Nc3 b4 14.Na4 Qa5 15.e4
Bxe4 16.Ng5 Bd5 17.Bxd5 Nxd5 18.Qh5 g6 19.Qf3 N7f6 20.Nxc5 Bxc5 21.dxc5 Qxc5
22.Be3 Qe7 23.Bd4 O-O 24.Qh3 Rd8 25.Re1 h5 26.Qg3 Ng4 27.Ne4 e5 28.Bc5 Qc7
29.h3 Nh6 30.Qg5 Kg7 31.Rd1 f6 32.Qd2 Qc6 33.Nd6 Nf4 34.Nf5+ Nxf5 35.Qxd8
Qxg2# 0-1

[Event "It (open)"]
[Site "masterchessopen.com Paris (France)"]
[Round "4"]
[White "Geffroy Laurent (FRA)"]
[Black "Soulages Laurent (FRA)"]
[Result "1-0"]
[WhiteElo "2230"]
[BlackElo "2151"]

1.d4 d5 2.c4 dxc4 3.Nf3 Nf6 4.e3 e6 5.Bxc4 a6 6.O-O c5 7.Qe2 b5 8.Bb3 Bb7
9.Rd1 Nbd7 10.Nc3 Qb6 11.a4 bxa4 12.Bxa4 Be7 13.Ne5 Rd8 14.d5 O-O 15.Nc4 {#r}
1-0

[Event "It (open)"]
[Site "masterchessopen.com Rymarow (Poland)"]
[Round "0"]
[White "Jasny Stanislav (CZE)"]
[Black "Michenka Jozef (CZE)"]
[Result "0-1"]
[WhiteElo "1858"]
[BlackElo "2375"]

1.d4 d5 2.c4 dxc4 3.Nf3 Nf6 4.e3 e6 5.Bxc4 c5 6.O-O a6 7.Qe2 b5 8.Bb3 Bb7
9.Rd1 Nbd7 10.Nc3 Qc7 11.d5 Nxd5 12.Nxd5 Bxd5 13.Bxd5 exd5 14.Rxd5 Be7 15.e4
O-O 16.e5 Qc6 17.Rd1 Rfd8 18.Bg5 Bxg5 19.Nxg5 Nf8 20.Qe4 Qxe4 21.Nxe4 Ne6
22.g3 c4 23.Kg2 Kf8 24.Nd6 Nc5 25.f4 Ra7 26.Rd5 Rc7 27.Rb1 Rc6 28.Kf3 f6
29.Ke2 Ne4 30.Rbd1 c3 31.Nxe4 Rxd5 32.Nxc3 Rxd1 33.Kxd1 Rc5 {#R} 0-1

[Event "Memorial N.Aratovsky"]
[Site "masterchessopen.com Saratov (Russia)"]
[Round "8"]
[White "Dyachkov Sergej (RUS)"]
[Black "Nachev Stanislav (RUS)"]
[Result "1-0"]
[WhiteElo "2484"]
[BlackElo "2333"]

1.d4 d5 2.c4 dxc4 3.Nf3 a6 4.e3 Nf6 5.Bxc4 e6 6.O-O c5 7.Qe2 b5 8.Bb3 Bb7 9.a4
b4 10.Nbd2 Nbd7 11.a5 Be7 12.Nc4 O-O 13.Bd2 Qc7 14.Rfc1 Bd5 15.Ba4 Qb7 16.dxc5
Bxc5 17.Nce5 Rfc8 18.Nxd7 Nxd7 19.e4 Bc6 20.Bc2 e5 21.Bd3 Bd6 22.Be3 Rcb8
23.Nd2 Bb5 24.Bxb5 Qxb5 25.Qxb5 Rxb5 26.Nb3 Nf6 27.f3 Ne8 28.Bb6 Be7 29.Rc6
Nd6 30.Rd1 Kf8 31.Rdxd6 Bxd6 32.Rxd6 Rc8 33.Rd8+ Rxd8 34.Bxd8 Rb7 35.Nc5 Ra7
36.Bb6 Ra8 37.Nd7+ Ke8 38.Nxe5 Rc8 39.Nd3 Rc2 40.Nxb4 Rxb2 41.Nxa6 Kd7 42.Nc7
Kc6 43.Nd5 Kb5 44.Bd4 Rb1+ 45.Kf2 Kxa5 46.Bxg7 {#r} 1-0

[Event "It (open)"]
[Site "masterchessopen.com Schwabisch Gmund (Germany)"]
[Round "4"]
[White "Rau Juergen (GER)"]
[Black "Jonkman Harmen (NED)"]
[Result "0-1"]
[WhiteElo "2157"]
[BlackElo "2421"]

1.d4 d5 2.c4 dxc4 3.Nf3 Nf6 4.e3 e6 5.Bxc4 c5 6.O-O a6 7.Qe2 b5 8.Bb3 Bb7
9.Nc3 Nbd7 10.Rd1 Qb6 11.Bc2 Be7 12.b3 Rc8 13.Bb2 cxd4 14.Nxd4 Bb4 15.Nb1 O-O
16.a3 Bd6 17.Rc1 Qa7 18.Nd2 Qa8 19.N4f3 Rfe8 20.b4 Qb8 21.Bd3 h6 22.Rxc8 Rxc8
23.Rd1 Ne5 24.Nxe5 Bxe5 25.Bxe5 Qxe5 26.Nb1 Kf8 27.f3 Bd5 28.Re1 h5 29.Qf2 Nd7
30.e4 Bc4 31.Rc1 Qa1 32.Qe3 Ne5 33.Bxc4 Rxc4 34.Rxc4 Nxc4 35.Qd3 g6 36.Kf2 h4
37.f4 Qb2+ 38.Kf3 Qxb1 {#R} 0-1

[Event "Cup NRW"]
[Site "masterchessopen.com Senden (Germany)"]
[Round "9"]
[White "Ballo Emanuel (GER)"]
[Black "Krallmann Matthias (GER)"]
[Result "1-0"]
[WhiteElo "2221"]
[BlackElo "2297"]

1.d4 d5 2.c4 dxc4 3.Nf3 a6 4.e3 Nf6 5.Bxc4 e6 6.O-O c5 7.Qe2 b5 8.Bb3 Bb7 9.a4
Nbd7 10.axb5 axb5 11.Rxa8 Qxa8 12.Nc3 b4 13.Nb5 Qb8 14.e4 Nxe4 15.Ng5 Be7
16.Nxf7 Kxf7 17.f3 cxd4 18.fxe4+ Bf6 19.Nxd4 Re8 20.Kh1 Qe5 21.Nf3 Qd6 22.Ng5+
Ke7 23.Qh5 Ne5 24.Rd1 Qb6 25.Bf4 Qf2 26.Bg3 Qe3 27.Bxe5 Qxg5 28.Bd6+ Kd8
29.Bf4+ {#r} 1-0

[Event "Memorial M.Chigorin (open)"]
[Site "masterchessopen.com St. Petersburg (Russia)"]
[Round "2"]
[White "Feoktistov Alexey A (RUS)"]
[Black "Astashov Gleb (RUS)"]
[Result "1-0"]
[WhiteElo "2359"]
[BlackElo "2247"]

1.d4 d5 2.c4 dxc4 3.Nf3 Nf6 4.e3 e6 5.Bxc4 c5 6.O-O a6 7.Qe2 b5 8.Bb3 Bb7 9.a4
bxa4 10.Bxa4+ Nbd7 11.Ne5 cxd4 12.exd4 Be7 13.Nc6 Bxc6 14.Bxc6 Ra7 15.Nc3 O-O
16.Nb5 Ra8 17.Bxa8 Qxa8 18.Bf4 Nd5 19.Bd6 Bxd6 20.Nxd6 Nb4 21.Qc4 Qb8 22.Ne4
h5 23.Rfc1 Nd5 24.Qe2 Qf4 25.g3 Qf5 26.Rxa6 N7f6 27.Nxf6+ Nxf6 28.Rac6 Qh3
29.Rc8 Rxc8 30.Rxc8+ Kh7 31.Rf8 h4 32.Qd3+ {#r} 1-0

[Event "Ch Sweden (team) 1999/00"]
[Site "masterchessopen.com Sweden"]
[Round "4"]
[White "Dzevlan Miralem (BIH)"]
[Black "Dedorson Tomas (SWE)"]
[Result "1-0"]
[WhiteElo "2435"]
[BlackElo "2230"]

1.d4 d5 2.c4 dxc4 3.Nf3 Nf6 4.e3 e6 5.Bxc4 c5 6.Qe2 a6 7.O-O b5 8.Bb3 Bb7
9.Nc3 Nbd7 10.Rd1 Qc7 11.d5 exd5 12.Bxd5 Nxd5 13.Nxd5 Bxd5 14.Rxd5 Be7 15.e4
O-O 16.Bf4 Qxf4 17.Rxd7 Qf6 18.a4 bxa4 19.Rxa4 Qc6 20.Qd1 Rfd8 21.Rd5 Rxd5
22.exd5 Rd8 23.Rd4 Qd6 24.Rd3 Bf6 25.b3 Bd4 26.b4 Qxd5 27.Kh1 Qa8 28.bxc5 Bf6
29.Rxd8+ Qxd8 30.Qc2 Qc7 31.c6 g6 32.g3 a5 33.Qc4 Kg7 34.Kg2 h6 35.Nd2 Be5
36.Ne4 h5 37.f4 Bf6 38.Qd5 Bd8 39.f5 gxf5 40.Nd6 {#r} 1-0

[Event "Cup Russia (open)"]
[Site "masterchessopen.com Tula (Russia)"]
[Round "6"]
[White "Burmakin Vladimir (RUS)"]
[Black "Yuferov Sergey N (RUS)"]
[Result "1-0"]
[WhiteElo "2579"]
[BlackElo "2450"]

1.d4 d5 2.c4 dxc4 3.Nf3 Nf6 4.e3 e6 5.Bxc4 c5 6.O-O a6 7.Qe2 b5 8.Bb3 Bb7
9.Rd1 Nbd7 10.a4 Qb8 11.Ne5 Be7 12.Na3 b4 13.Nac4 a5 14.e4 cxd4 15.Bf4 Qa7
16.Nxd7 Nxd7 17.Nd6+ Bxd6 18.Bxd6 Qa6 19.Qxa6 Rxa6 20.Rxd4 e5 21.Rd2 Bxe4
22.Bc4 Ra7 23.Rc1 Bf5 24.Bb5 Ra8 25.Rcd1 Rc8 26.Bxe5 f6 27.Bg3 {#r} 1-0

[Event "Ch Canada (juniors)"]
[Site "masterchessopen.com Vancouver (Canada)"]
[Round "2"]
[White "Khan Zamir"]
[Black "Charbonneau Pascal (CAN)"]
[Result "0-1"]
[WhiteElo "2182"]
[BlackElo "2339"]

1.d4 d5 2.c4 dxc4 3.Nf3 Nf6 4.e3 e6 5.Bxc4 c5 6.O-O a6 7.Qe2 b5 8.Bb3 Bb7
9.Rd1 Nbd7 10.a4 b4 11.Nbd2 Be7 12.Nc4 O-O 13.Bd2 Bd5 14.Bc2 cxd4 15.exd4 Nb6
16.Nxb6 Qxb6 17.Be3 Qb7 18.Bd3 Rfd8 19.Ne1 a5 20.Rac1 Bb3 21.Bc2 Bxc2 22.Qxc2
Rac8 23.Qb3 Nd5 24.Nd3 Nxe3 25.fxe3 Bg5 26.Nc5 Qd5 27.Kf2 Rxc5 {#R} 0-1

[Event "Ch Yugoslavia (team) (w)"]
[Site "masterchessopen.com Vrnjacka Banja (Serbia)"]
[Round "0"]
[White "Maksimovic Suzana (SRB)"]
[Black "Savic Marijana (SRB)"]
[Result "1-0"]
[WhiteElo "2263"]
[BlackElo "2005"]

1.d4 d5 2.c4 dxc4 3.e3 Nf6 4.Bxc4 e6 5.Nf3 c5 6.O-O a6 7.Qe2 b5 8.Bb3 Bb7
9.Rd1 Nbd7 10.e4 cxd4 11.Nxd4 Qb8 12.Nc3 Bd6 13.h3 O-O 14.a3 Rd8 15.Nf3 Bf4
16.Bc2 Bxc1 17.Raxc1 Qa7 18.Rd6 Nf8 19.Rcd1 Rxd6 20.Rxd6 Qc5 21.Qd2 Rc8 22.Qd4
Qc7 23.Qd2 a5 24.Qd4 Ne8 25.Rb6 Nd7 26.Rxb5 Ba6 27.Rg5 f6 28.Rg3 e5 29.Bb3+
Kh8 30.Qd5 Nd6 31.Nh4 Bb7 32.Qd1 Nxe4 33.Nxe4 Bxe4 34.Rc3 Qb7 35.Rxc8+ Qxc8
36.Be6 Bc6 37.Nf5 Qb7 38.Qd6 h6 39.Ne7 Bb5 40.Ng6+ Kh7 41.Bf5 Nb8 42.Nxe5+ g6
43.Nxg6 {#r} 1-0

[Event "Ch Turkmenistan"]
[Site "masterchessopen.com Ashkhabad (Turkmenistan)"]
[Round "7"]
[White "Grigoryan Karen (TKM)"]
[Black "Geldyeva Mekhri (TKM)"]
[Result "1-0"]
[WhiteElo "2399"]
[BlackElo "2283"]

1.d4 d5 2.Nf3 Nf6 3.c4 dxc4 4.e3 e6 5.Bxc4 a6 6.O-O c5 7.Qe2 b5 8.Bb3 Bb7
9.Rd1 Nbd7 10.e4 cxd4 11.e5 Ne4 12.Bc2 Nec5 13.Rxd4 Qc7 14.Nc3 Nb6 15.Bg5 h6
16.Bh4 Ncd7 17.Rad1 Bc5 18.R4d3 g5 19.Bg3 Qc6 20.R3d2 O-O-O 21.Be4 Qc7 22.Rc2
Nc4 23.Bxb7+ Kxb7 24.a4 Qb6 25.axb5 axb5 26.h3 Nb8 27.Rdc1 Na6 28.Nxb5 Qxb5
29.Rxc4 Rd5 30.Qe4 Kb6 31.Kh2 Rhd8 32.Qh7 Rd1 33.Qxf7 Qxb2 34.Qxe6+ Kb5
35.R4c2 Qb4 36.Qa2 Rxc1 37.Rxc1 Qe4 38.Nd2 Qe2 39.Qb1+ Nb4 40.Ne4 Bd4 41.Nd6+
Ka4 42.Rc4 Bb2 43.Re4 Qd2 {#r} 1-0

[Event "Ch Azerbaijan (1 liga)"]
[Site "masterchessopen.com Baku (Azerbaijan)"]
[Round "0"]
[White "Godjaev Galib (AZE)"]
[Black "Mirzoev Azer (AZE)"]
[Result "0-1"]
[WhiteElo "2327"]
[BlackElo "2414"]

1.d4 d5 2.Nf3 Nf6 3.c4 dxc4 4.e3 a6 5.Bxc4 e6 6.O-O c5 7.Qe2 b5 8.Bb3 Bb7
9.Rd1 Nbd7 10.Nc3 Qb8 11.d5 exd5 12.Nxd5 Nxd5 13.Bxd5 Bxd5 14.Rxd5 Be7 15.b3
Nb6 16.Re5 Qb7 17.Bb2 O-O 18.Qc2 f6 19.Rh5 g6 20.Rh6 f5 21.Ne5 Bg5 22.Rh3 Bf6
23.Qxc5 Rfd8 24.Nxg6 Bxb2 25.Ne7+ Kh8 26.Rf1 Nd5 27.Nc6 Rd7 28.Qc2 Bc3 29.e4
fxe4 30.Rxc3 Nxc3 31.Qxc3+ Rg7 32.Rc1 Re8 33.g3 Kg8 34.b4 Rg6 35.a3 Qb6 36.Qc5
Kg7 37.Rc3 {#R} 0-1

[Event "It (open)"]
[Site "masterchessopen.com Crailsheim (Germany)"]
[Round "5"]
[White "Hasecic Sabahudin (BIH)"]
[Black "Fischer Andre Klaus (GER)"]
[Result "1-0"]
[WhiteElo "2254"]
[BlackElo "2227"]

1.d4 d5 2.c4 dxc4 3.Nf3 Nf6 4.e3 e6 5.Bxc4 c5 6.O-O a6 7.Qe2 b5 8.Bb3 Bb7
9.Rd1 Nbd7 10.a4 b4 11.a5 Be7 12.Nbd2 O-O 13.Nc4 Qc7 14.Nce5 Nxe5 15.Nxe5 Rfd8
16.Bc4 Qd6 17.b3 cxd4 18.exd4 Nd5 19.Bd2 Bf6 20.Rac1 Ne7 21.Bf4 Nd5 22.Bg3 Qe7
23.Re1 Re8 24.Qg4 Qd8 25.Bd3 g6 26.Nc4 Re7 27.Bd6 Rd7 28.Bc5 Be7 29.Ne5 Rc7
30.Bxg6 hxg6 31.Nxg6 Bxc5 32.Ne5+ Kf8 33.dxc5 Nf6 34.Qxb4 Bc6 35.Rcd1 Qb8
36.Qh4 Ng8 37.b4 Bd5 38.Rd4 Qd8 39.Qh7 Nf6 40.Qh6+ Ke7 41.Qf4 Rac8 42.Nc4 Ra7
43.Nd6 Kd7 44.f3 Rb8 45.Nxf7 {#r} 1-0

[Event "Ch Ukraine (juniors) (under 18)"]
[Site "masterchessopen.com Dnepropetrovsk (Ukraine)"]
[Round "9"]
[White "Maly Alexey (UKR)"]
[Black "Zubov Alexander (UKR)"]
[Result "1-0"]
[WhiteElo "2386"]
[BlackElo "2439"]

1.d4 Nf6 2.Nf3 d5 3.c4 dxc4 4.e3 e6 5.Bxc4 a6 6.O-O c5 7.Qe2 b5 8.Bb3 Bb7
9.Rd1 Nbd7 10.a4 b4 11.Nbd2 cxd4 12.exd4 Be7 13.Ne5 O-O 14.Ndc4 Bd5 15.a5 Qc7
16.Bg5 Rad8 17.Rac1 Qb7 18.f3 h6 19.Bh4 Nxe5 20.dxe5 Ne8 21.Bxe7 Qxe7 22.Ba4
Nc7 23.Nb6 Bb7 24.Nd7 Nd5 25.Nxf8 Rxf8 26.Bc6 Bxc6 27.Rxc6 Ra8 28.Rdc1 Qb7
29.Qc2 g5 30.Rc8+ Kg7 31.Rxa8 Qxa8 32.Qc6 Qa7+ 33.Qc5 Qb8 34.Qd6 Qa7+ 35.Qc5
Qb8 36.Qd6 Qa7+ 37.Rc5 Nf4 38.Qc7 Qa8 39.Qc8 Qa7 40.Qc7 Qa8 41.Qd7 Qg8 42.g3
Ng6 43.Rc7 {#r} 1-0

[Event "Ch France (team) 2000"]
[Site "masterchessopen.com France"]
[Round "4"]
[White "Neiman Emmanuel (FRA)"]
[Black "Guadalpi David (FRA)"]
[Result "1-0"]
[WhiteElo "2319"]
[BlackElo "2282"]

1.d4 d5 2.c4 dxc4 3.Nf3 Nf6 4.e3 e6 5.Bxc4 c5 6.O-O a6 7.Qe2 b5 8.Bb3 Bb7 9.a4
Nbd7 10.Rd1 Qb8 11.axb5 axb5 12.Rxa8 Bxa8 13.Nc3 b4 14.Na4 Be7 15.e4 cxd4
16.Nxd4 Qb7 17.f3 O-O 18.e5 Nd5 19.Bxd5 Qxd5 20.Nf5 Bc5+ 21.Kf1 Qb3 22.Nxc5
Nxc5 23.Nh6+ gxh6 24.Bxh6 Bb7 25.Kg1 Re8 26.Qd2 Kh8 27.Qd8 Qxd1+ 28.Qxd1 Ra8
29.Qc1 Nd3 30.Qd1 Nxb2 31.Qd7 Ra1+ 32.Kf2 {#r} 1-0

[Event "It (open) (juniors) (under 20)"]
[Site "masterchessopen.com Hengelo (Netherlands)"]
[Round "9"]
[White "Visser Henk-Jan (NED)"]
[Black "Beeke Bobby (NED)"]
[Result "1-0"]
[WhiteElo "2245"]
[BlackElo "2223"]

1.d4 d5 2.c4 dxc4 3.Nf3 Nf6 4.e3 e6 5.Bxc4 c5 6.O-O a6 7.Qe2 b5 8.Bb3 Bb7
9.Rd1 Nbd7 10.Nc3 Be7 11.e4 cxd4 12.Nxd4 Qc7 13.Bxe6 fxe6 14.Nxe6 Qc6 15.Nd5
Kf7 16.Ng5+ Kf8 17.Nxe7 Kxe7 18.Bf4 Ne8 19.Rac1 Qg6 20.Qg4 Rd8 21.Bc7 Nxc7
22.Rxc7 Bc8 23.e5 h5 24.Qb4+ Ke8 25.h4 a5 26.Qxb5 Qf5 27.Qd5 Rh6 28.Qd4 Kf8
29.e6 Rxe6 30.Nxe6+ Qxe6 31.Qd6+ Qxd6 32.Rxd6 Ke7 33.Rdc6 {#r} 1-0